=LDR 00000nam 2200000 4500 =001 INLIS000000000032539 =005 20130612134537 =008 ***********************************ind** =035 ##$$0010-061300000032539 =041 ##$$a ind =082 ##$$a 890.095 98 =090 ##$$a 890..95 98, Les b =100 ##$$a Lesmana, Satria =245 ##$$a Buku Pintar Ragam Budaya Dan Alam Indonesia 33 Provinsi, Satria Lesmana;Editor,Doni Slamet R =260 ##$$a 2009 $b Bandung =300 ##$$a xii,174 hlm, Ilus, 23 cm =650 ##$$a Kebudayaan Indonesia =700 ##$$a Slamet R, Doni =850 ##$$a NBPNMAT